Statistics for Biggest Trading Partners - Algeria

Click here to take the quiz!

General Stats

  • This quiz has been taken 331 times
  • The average score is 21 of 26

Answer Stats

exportsimportscountry% Correct
3.42 bil4.77 bilFrance
100%
0.33 bil8.41 bilChina
98%
5.21 bil4.65 bilItaly
97%
3.88 bil3.57 bilSpain
97%
0.29 bilEgypt
95%
0.50 bilMorocco
95%
0.60 bilTunisia
93%
3.87 bil1.55 bilUnited States
93%
1.06 bil0.76 bilUnited Kingdom
92%
3.02 bilGermany
90%
1.34 bil1.94 bilTurkey
90%
0.48 bilJapan
89%
0.59 bilRussia
88%
0.48 bil0.94 bilIndia
87%
0.65 bilSaudi Arabia
87%
0.85 bil0.61 bilPortugal
85%
1.62 bil1.21 bilBrazil
84%
1.30 bil0.52 bilCanada
84%
0.99 bil0.61 bilBelgium
83%
1.47 bil0.75 bilNetherlands
81%
0.23 bil1.09 bilSouth Korea
79%
0.33 bilIndonesia
70%
1.33 bilArgentina
64%
0.51 bilSingapore
52%
0.57 bilRomania
32%
0.22 bilCuba
19%

Score Distribution

Percentile by Number Answered

Percent of People with Each Score

Your Score History

You have not taken this quiz